| 000 | 00419nam a2200157Ia 4500 | ||
|---|---|---|---|
| 008 | 151213s9999 xx 000 0 und d | ||
| 100 | _aS.K.Sarker & A. K. Gupta | ||
| 245 |
_aElements of Computer Science _cS.K.Sarker & A. K. Gupta |
||
| 250 | _aNew | ||
| 260 |
_aNew Dilhi _bS. Chand _c1998 |
||
| 300 | _a2362 p. | ||
| 650 | _aComputer | ||
| 650 | _aComputer | ||
| 700 | _aS.K.Sarker & A. K. Gupta | ||
| 999 |
_c1670 _d1670 |
||